HTML and XHTML: the complete reference (Record no. 9835)

MARC details
000 -LEADER
fixed length control field 00476nam a2200217Ia 4500
001 - CONTROL NUMBER
control field 092583
003 - CONTROL NUMBER IDENTIFIER
control field YMCAF
005 - DATE AND TIME OF LATEST TRANSACTION
control field 20230512161838.0
008 - FIXED-LENGTH DATA ELEMENTS--GENERAL INFORMATION
fixed length control field 100717s2007 ||||||||||||||||| ||und|d
024 ## - OTHER STANDARD IDENTIFIER
Standard number or code 92583
035 ## - SYSTEM CONTROL NUMBER
System control number 32041
040 ## - CATALOGING SOURCE
Original cataloging agency YMCAF
Language of cataloging eng
Transcribing agency IN-KoLT
041 ## - LANGUAGE CODE
Language code of text/sound track or separate title eng
082 ## - DEWEY DECIMAL CLASSIFICATION NUMBER
Classification number 006.74
Item number POW
100 ## - MAIN ENTRY--PERSONAL NAME
Personal name Powell, Thomas
245 #0 - TITLE STATEMENT
Title HTML and XHTML: the complete reference
250 ## - EDITION STATEMENT
Edition statement 4th
260 ## - PUBLICATION, DISTRIBUTION, ETC.
Name of publisher, distributor, etc. TMH
Date of publication, distribution, etc. 2007
300 ## - PHYSICAL DESCRIPTION
Extent 944
942 ## - ADDED ENTRY ELEMENTS (KOHA)
Source of classification or shelving scheme Dewey Decimal Classification
Koha item type Books
Holdings
Withdrawn status Lost status Damaged status Not for loan Home library Current library Date acquired Cost, normal purchase price Total Checkouts Barcode Date last seen Cost, replacement price Price effective from Koha item type Public note G
        JC Bose University of Science & Technology JC Bose University of Science & Technology 17/07/2010 525.00   32045 12/05/2023 525.00 12/05/2023 Books C 909
        JC Bose University of Science & Technology JC Bose University of Science & Technology 17/07/2010 525.00   32041 12/05/2023 525.00 12/05/2023 Books C 909
        JC Bose University of Science & Technology JC Bose University of Science & Technology 17/07/2010 525.00   32042 12/05/2023 525.00 12/05/2023 Books C 909
        JC Bose University of Science & Technology JC Bose University of Science & Technology 17/07/2010 525.00   32043 12/05/2023 525.00 12/05/2023 Books C 909
        JC Bose University of Science & Technology JC Bose University of Science & Technology 17/07/2010 525.00   32044 12/05/2023 525.00 12/05/2023 Books C 909